01567 a2200181 4500999001700000020001800017082002000035100001800055100002000073100002400093245005800117260003400175300001500209520095900224650004501183942001201228952014501240 c26296d26296 a9780199654406 aRR 630.3bMAN-O aManley, Will  aFoot, Katharine aDavis, Andrew Davis aOxford dictionary of agriculture and land management  bOxford University Pressc2019 avii, 446p. aThis brand new Dictionary of Agriculture and Land Management addresses the increasing overlap between agricultural sectors and the demands of the management of rural land and property. It covers the main areas of agricultural management, husbandry, environment, estate management, rural recreation, woodland and forestry, as well as general terms such as organizations, policies, and legislation. In over 2,000 clear and concise A to Z entries, it offers authoritative and up-to-date information, and the content is enhanced by entry-level web links that are listed on a dedicated companion website. Useful tables and line drawings complement the entries, and make this volume an excellent point of reference for anyone who needs a guide to agricultural terminology. The most up-to-date dictionary of its kind, it is a must-have for students of agriculture and land management, as well as for professionals in the agricultural and land-management sectors aAgriculturevLand ManagementvDictionary 2ddccRB 001040708DICaNASSDOCbNASSDOCd2020-07-08eOPg401.50i2020-06-11l0oRR 630.3 MAN-Op51041r2020-07-15 00:00:00v550.00w2020-07-15yRB